Introductory functional analysis with applications (Record no. 385)

MARC details
000 -LEADER
fixed length control field 00463 a2200181 4500
001 - CONTROL NUMBER
control field 066263
003 - CONTROL NUMBER IDENTIFIER
control field OSt
005 - DATE AND TIME OF LATEST TRANSACTION
control field 20211018105124.0
008 - FIXED-LENGTH DATA ELEMENTS--GENERAL INFORMATION
fixed length control field
082 ## - DEWEY DECIMAL CLASSIFICATION NUMBER
Classification number 515.7
Item number K88I
100 1# - MAIN ENTRY--PERSONAL NAME
Personal name Kreyszig, Erwin
245 1# - TITLE STATEMENT
Title Introductory functional analysis with applications
Statement of responsibility, etc by Erwin Kreyszig
260 ## - PUBLICATION, DISTRIBUTION, ETC. (IMPRINT)
Place of publication, distribution, etc New Delhi
Name of publisher, distributor, etc Wiley
Date of publication, distribution, etc 2007
300 ## - PHYSICAL DESCRIPTION
Extent 688p.
630 ## - SUBJECT ADDED ENTRY--UNIFORM TITLE
Uniform title Mathematics
690 ## - LOCAL SUBJECT ADDED ENTRY--TOPICAL TERM (OCLC, RLIN)
Topical term or geographic name as entry element Functional analysis
942 ## - ADDED ENTRY ELEMENTS (KOHA)
Source of classification or shelving scheme Dewey Decimal Classification
Koha item type Books
Holdings
Withdrawn status Lost status Damaged status Not for loan Collection code Home library Current library Date acquired Source of acquisition Cost, normal purchase price Total Checkouts Full call number Barcode Date last seen Date checked out Price effective from Koha item type Source of classification or shelving scheme
        General Text Book Central University Of Rajasthan Central University Of Rajasthan 07/03/2012 MTH 379.00 7 515.7 K88I 549 21/11/2024 27/12/2023 02/09/2020 Books  
        General Text Book Central University Of Rajasthan Central University Of Rajasthan 07/03/2012 MTH 379.00 2 515.7 K88I 550 17/08/2023 07/08/2023 02/09/2020 Books  
        General Text Book Central University Of Rajasthan Central University Of Rajasthan 07/03/2012 MTH 379.00 11 515.7 K88I 551 09/10/2025 25/09/2025 02/09/2020 Books  
        General Text Book Central University Of Rajasthan Central University Of Rajasthan 07/03/2012 MTH 379.00 10 515.7 K88I 1112 21/11/2024 01/01/2024 02/09/2020 Books Dewey Decimal Classification